000 00461nam a2200193Ia 4500
005 20231108101252.0
008 131103s9999 xx 000 0 und d
020 _a552202576
040 _aLoreto College
041 _aEnglish
082 _aF
_bSTE
100 _aSteel,Danielle
245 _aNo greater love
_cDanielle Steel
260 _aLondon
_bCorgi Books
_c1991
300 _a381 p
650 _aFiction in English
850 _aLCLIB
942 _cBK
999 _c15310
_d65789